Political science : an introduction (Record no. 3455)
[ view plain ]
| 000 -LEADER | |
|---|---|
| fixed length control field | 01022nac a22002411u 4500 |
| 010 ## - LIBRARY OF CONGRESS CONTROL NUMBER | |
| LC control number | 2005010383 |
| 020 ## - INTERNATIONAL STANDARD BOOK NUMBER | |
| International Standard Book Number | 0131932918 |
| 020 ## - INTERNATIONAL STANDARD BOOK NUMBER | |
| International Standard Book Number | 0132018128 |
| 082 00 - DEWEY DECIMAL CLASSIFICATION NUMBER | |
| Classification number | 320R731 |
| Item number | R731 |
| 090 ## - LOCALLY ASSIGNED LC-TYPE CALL NUMBER (OCLC); LOCAL CALL NUMBER (OCLC) | |
| -- | 3455 |
| -- | 3455 |
| 100 ## - MAIN ENTRY--PERSONAL NAME | |
| Personal name | 20080729 |
| 245 00 - TITLE STATEMENT | |
| Title | Political science : an introduction |
| Remainder of title | an introduction / |
| Statement of responsibility, etc | Michael G. Roskin ... [et al.]. |
| 250 ## - EDITION STATEMENT | |
| Edition statement | 9th ed. |
| 260 ## - PUBLICATION, DISTRIBUTION, ETC. (IMPRINT) | |
| Place of publication, distribution, etc | Upper Saddle River, N.J. : |
| Name of publisher, distributor, etc | Pearson Prentice Hall,2006 |
| Date of publication, distribution, etc | c2006. |
| 300 ## - PHYSICAL DESCRIPTION | |
| Extent | xxv, 422 p. : |
| Other physical details | ill. (some col.), maps ; |
| Dimensions | 25 cm. |
| 504 ## - BIBLIOGRAPHY, ETC. NOTE | |
| Bibliography, etc | Includes bibliographical references and index. |
| 650 #0 - SUBJECT ADDED ENTRY--TOPICAL TERM | |
| Topical term or geographic name as entry element | Political science. |
| 700 1# - ADDED ENTRY--PERSONAL NAME | |
| Personal name | Roskin, Michael, |
| Dates associated with a name | 1939- |
| 856 41 - ELECTRONIC LOCATION AND ACCESS | |
| Materials specified | Table of contents |
| Uniform Resource Identifier | <a href="http://www.loc.gov/catdir/toc/ecip0511/2005010383.html">http://www.loc.gov/catdir/toc/ecip0511/2005010383.html</a> |
| 942 ## - ADDED ENTRY ELEMENTS (KOHA) | |
| Item type | |
| Call number prefix | 320R731 |
| Withdrawn status | Item status | Source of classification or shelving scheme | Damaged status | Not for loan | Home library | Current library | Shelving location | Date acquired | Source of acquisition | Total Checkouts | Total Renewals | Full call number | Barcode | Date last seen | Date last borrowed | Koha item type |
|---|---|---|---|---|---|---|---|---|---|---|---|---|---|---|---|---|
| Dewey Decimal Classification | Central Library | Central Library | First floor | 07/04/2016 | Purchase | 11 | 42 | 320 POL | 000030035 | 15/07/2025 | 16/12/2018 | Book - Borrowing | ||||
| Dewey Decimal Classification | Central Library | Central Library | First floor | 07/04/2016 | Purchase | 9 | 19 | 320 POL | 000030036 | 15/07/2025 | 27/09/2022 | Book - Borrowing | ||||
| Dewey Decimal Classification | Central Library | Central Library | First floor | 07/04/2016 | Purchase | 6 | 16 | 320 POL | 000030038 | 15/07/2025 | 27/09/2022 | Book - Borrowing |